Oceanian History - Statistics

General Stats
  • This quiz has been taken 24 times
  • The average score is 16 of 22
Answer Stats
Question Answer % Correct
The ancestors of which people settled in Australia around 40,000 BC? Aborigines
100%
Which territory in Oceania voted in the 2021 referendum to remain part of France? New Caledonia
100%
Which country was the first in the world to allow women to vote in 1893? New Zealand
100%
What is the name of hypothetical continent that Europeans were searching in South Pacific? Terra Australis
100%
What is the other name for Ayers Rock, a sandstone monolith sacred to indigenous Australians? Uluru
100%
Which explorer discovered New Zealand in 1642? Abel Tasman
75%
Which British admiral established the convict settlement in Sydney in 1788? Arthur Phillip
75%
In 1975 Papua New Guinea got independence from which country? Australia
75%
Which Australian city did Japan attack in February 1942? Darwin
75%
Where did the Polynesians start building stone plateaus for religious ceremonies after 700? Easter Island
75%
Which country took responsibility for sinking the Rainbow Warrior ship in Auckland in 1985 caused by protests against nuclear testing? France
75%
Where was famous explorer captain James Cook killed on his third voyage? Hawaii
75%
With which country the British Crown signed the Treaty of Waitangi in 1840? New Zealand
75%
From which country did Kon-Tiki embark on an expedition to the Polynesian islands led by Norwegian explorer Thor Heyerdahl in 1947? Peru
75%
In which present country the Battle of Guadalcanal occurred? Solomon Islands
75%
What empire expanded in Oceania and had its peak during the period 1200–1500? Tu'i Tonga
75%
Who was the captain of the rebellion ship HMS Bounty, which was sent to the South Pacific to acquire breadfruit plants and transport them to the West Indies? William Bligh
75%
Kamehameha the Great, was the founder and the first ruler of which kingdom in Oceania? Hawaii
50%
What do the islanders call the Easter Island statues? Moai
50%
How many British colonies united and created the Australian Commonwealth? Six
50%
What do the Maori call their fortified settlements? Pa
25%
What biblical legendary land from which the gold of Emperor Solomon originates was sought by the Portuguese in Oceania? Ophir
0%
No matching quizzes found
Score Distribution
Percent of People with Each Score
Percentile by Number Answered
Your Score History
You have not taken this quiz